Statistiques concernant Dakar - Culture générale

Cliquez ici pour prendre le quiz!

Statistiques générales

  • Ce quiz a été pris 130 fois
  • Le résultat moyen est 9 sur 15

Statistiques - réponses

InformationRéponse% Correct
Pays dont elle est la capitaleSénégal
98%
Religion majoritaireIslam
84%
Compétition automobile crée par Thierry SabineRallye Dakar
78%
Étendue d'eau qui la bordeOcéan Atlantique
77%
Nom donné aux habitantsDakarois
68%
Langue locale dans laquelle Dakar se nomme NdakaaruWolof
66%
Presqu'île qui porte le même nom qu'un pays insulaire non loinCap-Vert
60%
Île dans la baie de Dakar et lieu de mémoire de la traite négrièreGorée
57%
Ancienne entité coloniale dont elle fut la capitaleAfrique-{Occidentale} française
53%
Premier président du pays qui a donné son nom au stade et l'ancien aéroportLéopold Sédar Senghor
48%
Rappeur qui a popularisé le rap en France et a piqué le cœur de Caroline en 1991MC Solaar
39%
Sculpture haute de 52mMonument de la {Renaissance} africaine
37%
Milieu défensif, champion du monde 1998, et légende d'ArsenalPatrick Vieira
34%
Bière brassée à Dakar depuis 1928, elle tient son nom d'un animal de la savaneLa {Gazelle}
29%
Car typique souvent peint de beaucoup de couleursCar {rapide}
25%

Distribution des résultats

Percentile par nombre de réponses

% des personnes avec chaque résultat

Votre développement - résultats

Vous n’avez pas pris ce quiz